000
00290nam a2200097Ia 4500
082
_a
J 760.28 HANS
245
0
_a
Cool printmaking : the art of creativity for kids!
100
_a
HANSON, Anders Edina, MN, [c.2009]
_9
27806
942
_c
BK
008
210817s9999 xx 000 0 und d
999
_c
105623
_d
105622